| 000 | 01505cam a2200361Ii 4500 | ||
|---|---|---|---|
| 001 | findingjobyoufee00garr | ||
| 003 | CaSfIA | ||
| 005 | 20210118083255.0 | ||
| 007 | cr|||| | ||
| 008 | 771201s1977 iluad 000 0 eng d | ||
| 010 | _a 77080189 | ||
| 040 |
_aCWS _cCWS _dOCLCQ _dBAKER _dMNJ _dCaSfIA |
||
| 020 | _a0913592889 | ||
| 020 | _a9780913592885 | ||
| 035 | _a(OCoLC)3459433 | ||
| 050 | 1 | 4 |
_aHF5383 _b.F5 |
| 082 | 4 | _a331.7/02 | |
| 245 | 0 | 0 |
_aFinding a job you feel good about / _h[electronic resource] _cby Clifford B. Garrison ... [et al.]. |
| 250 | _a[1st edition]. | ||
| 260 |
_aNiles, Ill. : _bArgus Communications, _cc1977. |
||
| 300 |
_a111 p. : _bcol. ill., charts. ; _c19 cm. |
||
| 500 | _aDesign by Gene Tarpey and Collin Fry. | ||
| 650 | 0 | _aVocational guidance. | |
| 650 | 0 | _aApplications for positions. | |
| 700 | 1 | _aGarrison, Clifford B. | |
| 856 | 4 | 1 |
_uhttp://www.archive.org/details/findingjobyoufee00garr _zFree eBook from the Internet Archive |
| 856 | 4 | 2 |
_uhttp://www.openlibrary.org/books/OL24388952M _zAdditional information and access via Open Library |
| 029 | 1 |
_aAU@ _b000009864553 |
|
| 029 | 1 |
_aAU@ _b000022612246 |
|
| 942 | _cEB | ||
| 506 | _fНеобхідна авторизація на https://archive.org/ (створення облікового запису безкоштовно) | ||
| 506 | _fНеобхідна авторизація на https://openlibrary.org/ (створення облікового запису безкоштовно) | ||
| 999 |
_c496554 _d496554 |
||